00798 a2200205 4500022001200000050002300012100002700035110003400062245018000096264004600276300001100322500005000333650003000383650005100413651001800464700002400482700002700506700002500533710003400558 Ino issn00aKTL19.A35 SOU 1965 aDuncan, Graemeeeditor aSupreme Court of South Africa04aSouth African law reports 1965(4) : bDecisions of the Supreme Court of South Africa, South-West Africa division, High court of Rhodesia /cGraeme Duncan, M. Barnett ...et al aSouth Africa:bJuta and Company LTDc1965 a822p.: aIncludes bibliographical references and index 0aLaw reports, digests, etc 7aCases decided in Supreme Court of South Africa 7aSouth Africa.1 aBarnett, M.eeditor1 aBuchanan, J.L.eeditor1 aFisher, D.S.eeditor1 aSupreme Court of South Africa